[Event "ODJM A 2025"]
[Site "Willingen GER"]
[Date "2025.06.11"]
[Round "6"]
[White "Abou Wally, Adrian"]
[Black "Hierl, Andreas"]
[Result "0-1"]
[Termination "normal"]
[Board "32"]
[WhiteElo "1947"]
[BlackElo "1767"]
[WhiteClock "00:16:02"]
[BlackClock "00:28:19"]
[PlyCount "140"]
[WhiteFideId "16245113"]
[BlackFideId "34660496"]
[EventCountry "GER"]
[EventRounds "9"]
[EventType "swiss"]
[EventDate "2025.06.07"]

1. e4 {[%clk 01:30:59]} c6 {[%clk 01:30:56]} {[%emt 00:00:04]} 2. d4 {[%clk
01:31:25]} {[%emt 00:00:04]} d5 {[%clk 01:31:23]} {[%emt 00:00:04]} 3. e5
{[%clk 01:31:52]} {[%emt 00:00:03]} c5 {[%clk 01:31:48]} {[%emt 00:00:05]} 4.
dxc5 {[%clk 01:32:00]} {[%emt 00:00:22]} e6 {[%clk 01:32:11]} {[%emt 00:00:07]}
5. Be3 {[%clk 01:32:24]} {[%emt 00:00:06]} Nd7 {[%clk 01:32:35]} {[%emt
00:00:06]} 6. Bb5 {[%clk 01:32:45]} {[%emt 00:00:09]} Ne7 {[%clk 01:32:55]}
{[%emt 00:00:09]} 7. Nf3 {[%clk 01:32:54]} {[%emt 00:00:22]} Nf5 {[%clk
01:32:49]} {[%emt 00:00:36]} 8. b4 {[%clk 01:30:53]} {[%emt 00:02:30]} Be7
{[%clk 01:29:38]} {[%emt 00:03:41]} 9. c3 {[%clk 01:30:07]} {[%emt 00:01:16]}
Nxe3 {[%clk 01:29:48]} {[%emt 00:00:20]} 10. fxe3 {[%clk 01:30:25]} {[%emt
00:00:13]} O-O {[%clk 01:29:55]} {[%emt 00:00:23]} 11. O-O {[%clk 01:30:50]}
{[%emt 00:00:05]} f6 {[%clk 01:27:55]} {[%emt 00:02:29]} 12. Nbd2 {[%clk
01:21:25]} {[%emt 00:09:56]} Nxe5 {[%clk 01:24:40]} {[%emt 00:03:45]} 13. Nxe5
{[%clk 01:21:04]} {[%emt 00:00:51]} fxe5 {[%clk 01:24:54]} {[%emt 00:00:16]}
14. Rxf8+ {[%clk 01:19:11]} {[%emt 00:02:23]} Qxf8 {[%clk 01:23:58]} {[%emt
00:01:25]} 15. Qh5 {[%clk 01:08:33]} {[%emt 00:11:08]} g6 {[%clk 01:15:32]}
{[%emt 00:08:56]} 16. Qe2 {[%clk 01:02:43]} {[%emt 00:06:19]} e4 {[%clk
01:11:09]} {[%emt 00:04:54]} 17. Nb3 {[%clk 00:53:09]} {[%emt 00:10:04]} Bg5
{[%clk 01:01:06]} {[%emt 00:10:32]} 18. c4 {[%clk 00:46:20]} {[%emt 00:07:21]}
a6 {[%clk 00:41:34]} {[%emt 00:20:02]} 19. Ba4 {[%clk 00:46:46]} {[%emt
00:00:03]} Qg7 {[%clk 00:41:54]} {[%emt 00:00:09]} 20. Rc1 {[%clk 00:34:15]}
{[%emt 00:13:01]} Bd7 {[%clk 00:39:02]} {[%emt 00:03:23]} 21. Bxd7 {[%clk
00:34:37]} {[%emt 00:00:08]} Qxd7 {[%clk 00:39:25]} {[%emt 00:00:07]} 22. cxd5
{[%clk 00:31:27]} {[%emt 00:03:40]} exd5 {[%clk 00:38:26]} {[%emt 00:01:28]}
23. Nd4 {[%clk 00:30:14]} {[%emt 00:01:44]} Qa4 {[%clk 00:30:43]} {[%emt
00:08:13]} 24. Rb1 {[%clk 00:14:48]} {[%emt 00:15:56]} Qa3 {[%clk 00:28:00]}
{[%emt 00:03:13]} 25. Nc2 {[%clk 00:11:21]} {[%emt 00:03:57]} Qxa2 {[%clk
00:25:21]} {[%emt 00:03:09]} 26. Rf1 {[%clk 00:07:17]} {[%emt 00:04:34]} Bh6
{[%clk 00:21:37]} {[%emt 00:04:13]} 27. h4 {[%clk 00:01:56]} {[%emt 00:05:52]}
Qb3 {[%clk 00:15:16]} {[%emt 00:06:50]} 28. h5 {[%clk 00:01:40]} {[%emt
00:00:47]} Qd3 {[%clk 00:14:13]} {[%emt 00:01:33]} 29. Qg4 {[%clk 00:01:22]}
{[%emt 00:00:48]} Bxe3+ {[%clk 00:06:42]} {[%emt 00:08:00]} 30. Nxe3 {[%clk
00:01:46]} {[%emt 00:00:07]} Qxe3+ {[%clk 00:07:07]} {[%emt 00:00:06]} 31. Kh1
{[%clk 00:02:13]} {[%emt 00:00:02]} Kg7 {[%clk 00:01:29]} {[%emt 00:06:08]} 32.
Qd7+ {[%clk 00:01:36]} {[%emt 00:01:07]} Kh6 {[%clk 00:01:49]} {[%emt
00:00:10]} 33. Qxd5 {[%clk 00:00:43]} {[%emt 00:01:23]} Qd3 {[%clk 00:01:05]}
{[%emt 00:01:15]} 34. Qf7 {[%clk 00:00:51]} {[%emt 00:00:21]} Qe3 {[%clk
00:00:49]} {[%emt 00:00:46]} 35. hxg6 {[%clk 00:00:45]} {[%emt 00:00:36]} hxg6
{[%clk 00:01:09]} {[%emt 00:00:10]} 36. Rf4 {[%clk 00:00:41]} {[%emt 00:00:35]}
Qg3 {[%clk 00:00:45]} {[%emt 00:00:54]} 37. Rxe4 {[%clk 00:01:02]} {[%emt
00:00:09]} Rh8 {[%clk 00:00:43]} {[%emt 00:00:31]} 38. Qf6 {[%clk 00:01:11]}
{[%emt 00:00:21]} Kh7 {[%clk 00:00:38]} {[%emt 00:00:36]} 39. Re7+ {[%clk
00:01:18]} {[%emt 00:00:22]} Kg8+ {[%clk 00:00:55]} {[%emt 00:00:13]} 40. Qxh8+
{[%clk 00:01:09]} {[%emt 00:01:16]} Kxh8 {[%clk 00:03:19]} {[%emt 00:00:06]}
41. Rxb7 {[%clk 00:01:33]} {[%emt 00:00:06]} a5 {[%clk 00:26:18]} {[%emt
00:07:29]} 42. bxa5 {[%clk 00:22:20]} {[%emt 00:09:44]} Qe1+ {[%clk 00:25:42]}
{[%emt 00:01:06]} 43. Kh2 {[%clk 00:22:45]} {[%emt 00:00:05]} Qxa5 {[%clk
00:25:34]} {[%emt 00:00:38]} 44. c6 {[%clk 00:22:08]} {[%emt 00:01:07]} Qe5+
{[%clk 00:25:25]} {[%emt 00:00:39]} 45. Kh1 {[%clk 00:18:33]} {[%emt 00:04:05]}
Qe1+ {[%clk 00:25:35]} {[%emt 00:00:20]} 46. Kh2 {[%clk 00:18:56]} {[%emt
00:00:06]} Qh4+ {[%clk 00:25:58]} {[%emt 00:00:07]} 47. Kg1 {[%clk 00:19:20]}
{[%emt 00:00:06]} Qd4+ {[%clk 00:26:23]} {[%emt 00:00:06]} 48. Kh1 {[%clk
00:19:34]} {[%emt 00:00:16]} Qd1+ {[%clk 00:26:46]} {[%emt 00:00:06]} 49. Kh2
{[%clk 00:19:59]} {[%emt 00:00:06]} Qd6+ {[%clk 00:27:11]} {[%emt 00:00:05]}
50. Kg1 {[%clk 00:20:14]} {[%emt 00:00:15]} Qxc6 {[%clk 00:27:31]} {[%emt
00:00:10]} 51. Rf7 {[%clk 00:19:44]} {[%emt 00:01:01]} Qd5 {[%clk 00:27:44]}
{[%emt 00:00:16]} 52. Rf3 {[%clk 00:20:01]} {[%emt 00:00:14]} Kg7 {[%clk
00:28:01]} {[%emt 00:00:12]} 53. Kh2 {[%clk 00:20:14]} {[%emt 00:00:17]} g5
{[%clk 00:28:08]} {[%emt 00:00:23]} 54. Kg3 {[%clk 00:17:41]} {[%emt 00:03:03]}
Kg6 {[%clk 00:27:50]} {[%emt 00:00:47]} 55. Kh2 {[%clk 00:17:36]} {[%emt
00:00:35]} g4 {[%clk 00:27:48]} {[%emt 00:00:32]} 56. Rf1 {[%clk 00:17:21]}
{[%emt 00:00:45]} Kg5 {[%clk 00:27:47]} {[%emt 00:00:30]} 57. g3 {[%clk
00:14:11]} {[%emt 00:03:42]} Qd2+ {[%clk 00:26:34]} {[%emt 00:01:43]} 58. Kg1
{[%clk 00:14:31]} {[%emt 00:00:09]} Kg6 {[%clk 00:26:38]} {[%emt 00:00:26]} 59.
Rf2 {[%clk 00:14:40]} {[%emt 00:00:21]} Qc1+ {[%clk 00:26:26]} {[%emt
00:00:43]} 60. Kg2 {[%clk 00:14:31]} {[%emt 00:00:39]} Qh6 {[%clk 00:26:47]}
{[%emt 00:00:08]} 61. Kg1 {[%clk 00:14:41]} {[%emt 00:00:20]} Qh3 {[%clk
00:27:03]} {[%emt 00:00:14]} 62. Rg2 {[%clk 00:14:48]} {[%emt 00:00:23]} Kf5
{[%clk 00:26:28]} {[%emt 00:01:06]} 63. Rf2+ {[%clk 00:14:45]} {[%emt
00:00:33]} Ke4 {[%clk 00:26:29]} {[%emt 00:00:28]} 64. Rg2 {[%clk 00:14:45]}
{[%emt 00:00:30]} Kf3 {[%clk 00:26:48]} {[%emt 00:00:11]} 65. Rf2+ {[%clk
00:14:34]} {[%emt 00:00:42]} Kxg3 {[%clk 00:27:10]} {[%emt 00:00:08]} 66. Rf3+
{[%clk 00:14:45]} {[%emt 00:00:18]} Kh4 {[%clk 00:27:19]} {[%emt 00:00:21]} 67.
Rxh3+ {[%clk 00:14:57]} {[%emt 00:00:19]} Kxh3 {[%clk 00:27:33]} {[%emt
00:00:15]} 68. Kh1 {[%clk 00:15:17]} {[%emt 00:00:10]} g3 {[%clk 00:27:42]}
{[%emt 00:00:22]} 69. Kg1 {[%clk 00:15:39]} {[%emt 00:00:08]} g2 {[%clk
00:27:58]} {[%emt 00:00:13]} 70. Kf2 {[%clk 00:16:02]} {[%emt 00:00:08]} Kh2
{[%clk 00:28:19]} {[%emt 00:00:10]} 0-1

[Event "ODJM A 2025"]
[Site "Willingen GER"]
[Date "2025.06.11"]
[Round "6"]
[White "Andresen, Eric"]
[Black "Arne, Jonas"]
[Result "1-0"]
[Termination "normal"]
[Board "33"]
[WhiteElo "1889"]
[BlackElo "1938"]
[WhiteClock "00:07:08"]
[BlackClock "00:37:57"]
[PlyCount "57"]
[WhiteFideId "34641360"]
[BlackFideId "34640398"]
[EventCountry "GER"]
[EventRounds "9"]
[EventType "swiss"]
[EventDate "2025.06.07"]

1. d4 {[%clk 01:30:59]} Nf6 {[%clk 01:30:56]} {[%emt 00:00:05]} 2. c4 {[%clk
01:31:19]} {[%emt 00:00:10]} e6 {[%clk 01:31:21]} {[%emt 00:00:05]} 3. Nf3
{[%clk 01:31:43]} {[%emt 00:00:06]} Bb4+ {[%clk 01:30:54]} {[%emt 00:00:56]} 4.
Bd2 {[%clk 01:31:56]} {[%emt 00:00:18]} Be7 {[%clk 01:31:19]} {[%emt 00:00:05]}
5. g3 {[%clk 01:32:21]} {[%emt 00:00:04]} d5 {[%clk 01:31:38]} {[%emt
00:00:11]} 6. Bg2 {[%clk 01:32:46]} {[%emt 00:00:05]} O-O {[%clk 01:31:59]}
{[%emt 00:00:10]} 7. O-O {[%clk 01:33:11]} {[%emt 00:00:04]} dxc4 {[%clk
01:32:08]} {[%emt 00:00:21]} 8. Qc2 {[%clk 01:31:27]} {[%emt 00:02:15]} c6
{[%clk 01:31:55]} {[%emt 00:00:43]} 9. Qxc4 {[%clk 01:26:26]} {[%emt 00:05:30]}
b5 {[%clk 01:30:48]} {[%emt 00:01:37]} 10. Qc2 {[%clk 01:25:22]} {[%emt
00:01:34]} Bb7 {[%clk 01:30:54]} {[%emt 00:00:24]} 11. Rd1 {[%clk 01:23:17]}
{[%emt 00:02:36]} Qb6 {[%clk 01:27:54]} {[%emt 00:03:30]} 12. b4 {[%clk
01:05:12]} {[%emt 00:18:34]} Nbd7 {[%clk 01:23:03]} {[%emt 00:05:21]} 13. h3
{[%clk 01:02:40]} {[%emt 00:03:02]} h6 {[%clk 01:18:45]} {[%emt 00:04:48]} 14.
a3 {[%clk 00:56:00]} {[%emt 00:07:10]} Rfe8 {[%clk 01:15:14]} {[%emt 00:04:01]}
15. e4 {[%clk 00:54:09]} {[%emt 00:02:22]} Bf8 {[%clk 01:14:06]} {[%emt
00:01:38]} 16. Be3 {[%clk 00:50:32]} {[%emt 00:04:06]} Qd8 {[%clk 01:12:06]}
{[%emt 00:02:30]} 17. Nbd2 {[%clk 00:47:09]} {[%emt 00:03:53]} Nb6 {[%clk
01:08:47]} {[%emt 00:03:48]} 18. Ne5 {[%clk 00:41:55]} {[%emt 00:05:45]} Rc8
{[%clk 01:07:26]} {[%emt 00:01:50]} 19. Rac1 {[%clk 00:34:37]} {[%emt
00:07:49]} Qc7 {[%clk 01:04:08]} {[%emt 00:03:49]} 20. Nb3 {[%clk 00:25:53]}
{[%emt 00:09:14]} Nbd7 {[%clk 00:57:57]} {[%emt 00:06:40]} 21. Nd3 {[%clk
00:19:36]} {[%emt 00:06:47]} Nb6 {[%clk 00:47:02]} {[%emt 00:11:26]} 22. Na5
{[%clk 00:18:23]} {[%emt 00:01:42]} Red8 {[%clk 00:42:53]} {[%emt 00:04:38]}
23. Bf4 {[%clk 00:16:32]} {[%emt 00:02:21]} Qe7 {[%clk 00:42:09]} {[%emt
00:01:15]} 24. Ne5 {[%clk 00:16:04]} {[%emt 00:00:59]} g5 {[%clk 00:41:37]}
{[%emt 00:01:01]} 25. Be3 {[%clk 00:15:55]} {[%emt 00:00:39]} Qc7 {[%clk
00:41:05]} {[%emt 00:01:02]} 26. Nexc6 {[%clk 00:09:34]} {[%emt 00:06:50]} Qd7
{[%clk 00:39:11]} {[%emt 00:02:24]} 27. Ne5 {[%clk 00:08:19]} {[%emt 00:01:45]}
Qe7 {[%clk 00:38:08]} {[%emt 00:01:34]} 28. Qd3 {[%clk 00:08:00]} {[%emt
00:00:49]} a6 {[%clk 00:37:57]} {[%emt 00:00:41]} 29. Nac6 {[%clk 00:07:08]}
{[%emt 00:01:22]} 1-0

[Event "ODJM A 2025"]
[Site "Willingen GER"]
[Date "2025.06.11"]
[Round "6"]
[White "Ye, Philipp"]
[Black "Schuricht, Paul Alexander"]
[Result "1/2-1/2"]
[Termination "normal"]
[Board "34"]
[WhiteElo "1863"]
[BlackElo "1920"]
[WhiteClock "01:05:23"]
[BlackClock "00:33:35"]
[PlyCount "43"]
[WhiteFideId "34646787"]
[BlackFideId "16270177"]
[EventCountry "GER"]
[EventRounds "9"]
[EventType "swiss"]
[EventDate "2025.06.07"]

1. e4 {[%clk 01:30:49]} {[%emt 00:00:09]} e5 {[%clk 01:30:53]} {[%emt
00:00:08]} 2. Nf3 {[%clk 01:31:14]} {[%emt 00:00:05]} Nc6 {[%clk 01:31:18]}
{[%emt 00:00:05]} 3. Bc4 {[%clk 01:31:39]} {[%emt 00:00:05]} Bc5 {[%clk
01:31:43]} {[%emt 00:00:05]} 4. c3 {[%clk 01:32:02]} {[%emt 00:00:07]} Nf6
{[%clk 01:32:07]} {[%emt 00:00:05]} 5. d3 {[%clk 01:32:26]} {[%emt 00:00:06]}
d6 {[%clk 01:32:31]} {[%emt 00:00:07]} 6. O-O {[%clk 01:32:49]} {[%emt
00:00:06]} a6 {[%clk 01:32:56]} {[%emt 00:00:05]} 7. a4 {[%clk 01:33:13]}
{[%emt 00:00:06]} Ba7 {[%clk 01:33:21]} {[%emt 00:00:06]} 8. Re1 {[%clk
01:33:31]} {[%emt 00:00:11]} O-O {[%clk 01:33:23]} {[%emt 00:00:28]} 9. h3
{[%clk 01:33:49]} {[%emt 00:00:12]} h6 {[%clk 01:33:46]} {[%emt 00:00:08]} 10.
Nbd2 {[%clk 01:34:12]} {[%emt 00:00:07]} Re8 {[%clk 01:33:41]} {[%emt
00:00:34]} 11. b4 {[%clk 01:34:15]} {[%emt 00:00:27]} Be6 {[%clk 01:28:29]}
{[%emt 00:05:43]} 12. Bxe6 {[%clk 01:33:31]} {[%emt 00:01:13]} Rxe6 {[%clk
01:28:50]} {[%emt 00:00:09]} 13. Qc2 {[%clk 01:33:56]} {[%emt 00:00:06]} Ne7
{[%clk 01:22:38]} {[%emt 00:06:41]} 14. Nf1 {[%clk 01:33:17]} {[%emt 00:01:09]}
Ng6 {[%clk 01:21:13]} {[%emt 00:01:55]} 15. Ng3 {[%clk 01:33:37]} {[%emt
00:00:10]} d5 {[%clk 01:19:09]} {[%emt 00:02:34]} 16. c4 {[%clk 01:33:42]}
{[%emt 00:00:26]} dxc4 {[%clk 01:10:38]} {[%emt 00:09:01]} 17. dxc4 {[%clk
01:33:46]} {[%emt 00:00:26]} c5 {[%clk 01:09:36]} {[%emt 00:01:32]} 18. b5
{[%clk 01:31:23]} {[%emt 00:02:52]} Bb6 {[%clk 01:08:11]} {[%emt 00:01:56]} 19.
Rd1 {[%clk 01:27:00]} {[%emt 00:04:53]} Qc7 {[%clk 00:59:29]} {[%emt 00:09:11]}
20. Bb2 {[%clk 01:21:01]} {[%emt 00:06:30]} Rd8 {[%clk 00:51:48]} {[%emt
00:08:11]} 21. Nf5 {[%clk 01:14:43]} {[%emt 00:06:47]} Ba5 {[%clk 00:33:35]}
{[%emt 00:18:43]} 22. Rxd8+ {[%clk 01:05:23]} {[%emt 00:09:50]} 1/2-1/2

[Event "ODJM A 2025"]
[Site "Willingen GER"]
[Date "2025.06.11"]
[Round "6"]
[White "Andresen, Marc"]
[Black "Meyer, Henry Paul"]
[Result "1-0"]
[Termination "normal"]
[Board "35"]
[WhiteElo "1857"]
[BlackElo "1841"]
[WhiteClock "00:19:54"]
[BlackClock "00:23:56"]
[PlyCount "105"]
[WhiteFideId "16233719"]
[BlackFideId "34645802"]
[EventCountry "GER"]
[EventRounds "9"]
[EventType "swiss"]
[EventDate "2025.06.07"]

1. e4 {[%clk 01:30:56]} {[%emt 00:00:04]} c5 {[%clk 01:30:54]} {[%emt
00:00:07]} 2. Nf3 {[%clk 01:31:12]} {[%emt 00:00:14]} d6 {[%clk 01:31:19]}
{[%emt 00:00:05]} 3. Bb5+ {[%clk 01:31:39]} {[%emt 00:00:03]} Nd7 {[%clk
01:31:42]} {[%emt 00:00:07]} 4. c3 {[%clk 01:32:05]} {[%emt 00:00:04]} a6
{[%clk 01:31:38]} {[%emt 00:00:34]} 5. Ba4 {[%clk 01:32:27]} {[%emt 00:00:08]}
b5 {[%clk 01:31:45]} {[%emt 00:00:22]} 6. Bc2 {[%clk 01:32:52]} {[%emt
00:00:05]} Ngf6 {[%clk 01:32:00]} {[%emt 00:00:16]} 7. O-O {[%clk 01:32:44]}
{[%emt 00:00:37]} e5 {[%clk 01:31:39]} {[%emt 00:00:52]} 8. d4 {[%clk
01:32:17]} {[%emt 00:00:56]} Be7 {[%clk 01:30:49]} {[%emt 00:01:19]} 9. Qe2
{[%clk 01:30:25]} {[%emt 00:02:23]} Bb7 {[%clk 01:29:20]} {[%emt 00:01:59]} 10.
d5 {[%clk 01:28:33]} {[%emt 00:02:23]} O-O {[%clk 01:28:24]} {[%emt 00:01:25]}
11. b3 {[%clk 01:28:37]} {[%emt 00:00:26]} Re8 {[%clk 01:23:07]} {[%emt
00:05:47]} 12. h3 {[%clk 01:23:06]} {[%emt 00:06:02]} Qc7 {[%clk 01:18:34]}
{[%emt 00:05:03]} 13. Be3 {[%clk 01:18:05]} {[%emt 00:05:31]} Nf8 {[%clk
01:10:58]} {[%emt 00:08:05]} 14. a4 {[%clk 01:15:34]} {[%emt 00:03:02]} bxa4
{[%clk 01:07:19]} {[%emt 00:04:09]} 15. Rxa4 {[%clk 01:13:26]} {[%emt
00:02:37]} Ng6 {[%clk 01:03:57]} {[%emt 00:03:49]} 16. Na3 {[%clk 00:51:00]}
{[%emt 00:22:59]} Nd7 {[%clk 00:58:50]} {[%emt 00:05:37]} 17. Nc4 {[%clk
00:49:01]} {[%emt 00:02:29]} a5 {[%clk 00:47:33]} {[%emt 00:11:48]} 18. Rfa1
{[%clk 00:45:55]} {[%emt 00:03:36]} Ba6 {[%clk 00:42:59]} {[%emt 00:05:03]} 19.
Nfd2 {[%clk 00:39:00]} {[%emt 00:07:24]} Bb5 {[%clk 00:38:01]} {[%emt
00:05:28]} 20. R4a2 {[%clk 00:37:14]} {[%emt 00:02:17]} Nb6 {[%clk 00:33:23]}
{[%emt 00:05:08]} 21. Bd3 {[%clk 00:35:05]} {[%emt 00:02:39]} Nxc4 {[%clk
00:30:36]} {[%emt 00:03:16]} 22. Nxc4 {[%clk 00:22:33]} {[%emt 00:13:03]} Bxc4
{[%clk 00:28:48]} {[%emt 00:02:19]} 23. Bxc4 {[%clk 00:22:55]} {[%emt
00:00:08]} Nf4 {[%clk 00:24:24]} {[%emt 00:04:53]} 24. Qd2 {[%clk 00:16:32]}
{[%emt 00:06:53]} Bf6 {[%clk 00:22:34]} {[%emt 00:02:19]} 25. Bb5 {[%clk
00:15:56]} {[%emt 00:01:06]} Reb8 {[%clk 00:21:01]} {[%emt 00:02:04]} 26. c4
{[%clk 00:16:05]} {[%emt 00:00:21]} Kf8 {[%clk 00:15:59]} {[%emt 00:05:32]} 27.
Kh2 {[%clk 00:12:36]} {[%emt 00:03:58]} Bd8 {[%clk 00:14:57]} {[%emt 00:01:32]}
28. g3 {[%clk 00:10:35]} {[%emt 00:02:32]} Ng6 {[%clk 00:14:35]} {[%emt
00:00:52]} 29. Qc2 {[%clk 00:10:59]} {[%emt 00:00:06]} Bf6 {[%clk 00:13:36]}
{[%emt 00:01:29]} 30. Bd2 {[%clk 00:11:17]} {[%emt 00:00:12]} Qc8 {[%clk
00:10:55]} {[%emt 00:03:10]} 31. Rxa5 {[%clk 00:10:16]} {[%emt 00:01:33]} Rxa5
{[%clk 00:10:12]} {[%emt 00:01:12]} 32. Rxa5 {[%clk 00:10:40]} {[%emt
00:00:06]} Ra8 {[%clk 00:10:33]} {[%emt 00:00:09]} 33. Qa2 {[%clk 00:10:49]}
{[%emt 00:00:21]} Rxa5 {[%clk 00:10:38]} {[%emt 00:00:24]} 34. Qxa5 {[%clk
00:11:13]} {[%emt 00:00:06]} Bd8 {[%clk 00:08:43]} {[%emt 00:02:24]} 35. Qa6
{[%clk 00:07:51]} {[%emt 00:03:54]} Qxa6 {[%clk 00:08:50]} {[%emt 00:00:23]}
36. Bxa6 {[%clk 00:08:16]} {[%emt 00:00:05]} Ne7 {[%clk 00:08:59]} {[%emt
00:00:20]} 37. b4 {[%clk 00:07:17]} {[%emt 00:01:30]} Bb6 {[%clk 00:05:54]}
{[%emt 00:03:34]} 38. Be3 {[%clk 00:07:15]} {[%emt 00:00:33]} Ke8 {[%clk
00:05:21]} {[%emt 00:01:03]} 39. Bb5+ {[%clk 00:01:36]} {[%emt 00:06:09]} Kd8
{[%clk 00:05:30]} {[%emt 00:00:20]} 40. f4 {[%clk 00:00:36]} {[%emt 00:01:31]}
exf4 {[%clk 00:02:19]} {[%emt 00:03:40]} 41. gxf4 {[%clk 00:29:45]} {[%emt
00:01:21]} f6 {[%clk 00:32:15]} {[%emt 00:00:34]} 42. Kg3 {[%clk 00:29:13]}
{[%emt 00:01:02]} Kc7 {[%clk 00:31:45]} {[%emt 00:01:00]} 43. bxc5 {[%clk
00:29:38]} {[%emt 00:00:06]} dxc5 {[%clk 00:31:51]} {[%emt 00:00:23]} 44. Bd2
{[%clk 00:29:27]} {[%emt 00:00:41]} Kd8 {[%clk 00:27:55]} {[%emt 00:04:25]} 45.
Bc3 {[%clk 00:28:17]} {[%emt 00:01:42]} Bc7 {[%clk 00:27:55]} {[%emt 00:00:29]}
46. e5 {[%clk 00:20:21]} {[%emt 00:08:27]} Nf5+ {[%clk 00:27:16]} {[%emt
00:01:08]} 47. Kf3 {[%clk 00:18:22]} {[%emt 00:02:29]} Nd4+ {[%clk 00:24:33]}
{[%emt 00:03:14]} 48. Bxd4 {[%clk 00:18:07]} {[%emt 00:00:44]} cxd4 {[%clk
00:24:56]} {[%emt 00:00:06]} 49. d6 {[%clk 00:18:32]} {[%emt 00:00:06]} Bb8
{[%clk 00:24:39]} {[%emt 00:00:47]} 50. Ke4 {[%clk 00:18:57]} {[%emt 00:00:06]}
fxe5 {[%clk 00:24:07]} {[%emt 00:01:02]} 51. fxe5 {[%clk 00:19:23]} {[%emt
00:00:04]} g5 {[%clk 00:23:57]} {[%emt 00:00:40]} 52. c5 {[%clk 00:19:28]}
{[%emt 00:00:25]} h5 {[%clk 00:23:56]} {[%emt 00:00:30]} 53. e6 {[%clk
00:19:54]} {[%emt 00:00:04]} 1-0

[Event "ODJM A 2025"]
[Site "Willingen GER"]
[Date "2025.06.11"]
[Round "6"]
[White "Grabowski, Joshua"]
[Black "Schulz, Tim"]
[Result "0-1"]
[Termination "normal"]
[Board "36"]
[WhiteElo "1819"]
[BlackElo "1976"]
[WhiteClock "00:00:32"]
[BlackClock "00:14:19"]
[PlyCount "69"]
[WhiteFideId "34678344"]
[BlackFideId "34629165"]
[EventCountry "GER"]
[EventRounds "9"]
[EventType "swiss"]
[EventDate "2025.06.07"]

1. Nf3 {[%clk 01:30:57]} {[%emt 00:00:03]} Nf6 {[%clk 01:30:55]} {[%emt
00:00:05]} 2. e3 {[%clk 01:31:06]} {[%emt 00:00:21]} d5 {[%clk 01:31:09]}
{[%emt 00:00:15]} 3. c4 {[%clk 01:31:14]} {[%emt 00:00:22]} c6 {[%clk
01:30:48]} {[%emt 00:00:51]} 4. Nc3 {[%clk 01:30:46]} {[%emt 00:00:58]} g6
{[%clk 01:30:34]} {[%emt 00:00:45]} 5. d4 {[%clk 01:30:31]} {[%emt 00:00:45]}
Bg7 {[%clk 01:29:37]} {[%emt 00:01:26]} 6. Bd3 {[%clk 01:29:54]} {[%emt
00:01:05]} O-O {[%clk 01:28:40]} {[%emt 00:01:29]} 7. O-O {[%clk 01:30:09]}
{[%emt 00:00:15]} dxc4 {[%clk 01:26:29]} {[%emt 00:02:43]} 8. Bxc4 {[%clk
01:30:27]} {[%emt 00:00:11]} b5 {[%clk 01:24:40]} {[%emt 00:02:19]} 9. Bd3
{[%clk 01:26:16]} {[%emt 00:04:41]} Bb7 {[%clk 01:17:02]} {[%emt 00:08:08]} 10.
a3 {[%clk 01:14:17]} {[%emt 00:12:29]} a6 {[%clk 01:15:56]} {[%emt 00:01:36]}
11. e4 {[%clk 01:13:44]} {[%emt 00:01:02]} Nfd7 {[%clk 01:15:25]} {[%emt
00:01:02]} 12. Be3 {[%clk 01:02:06]} {[%emt 00:12:07]} e5 {[%clk 01:11:42]}
{[%emt 00:04:13]} 13. dxe5 {[%clk 00:59:24]} {[%emt 00:03:12]} Nxe5 {[%clk
01:11:23]} {[%emt 00:00:49]} 14. Nxe5 {[%clk 00:59:15]} {[%emt 00:00:39]} Bxe5
{[%clk 01:11:45]} {[%emt 00:00:08]} 15. Qc2 {[%clk 00:58:26]} {[%emt 00:01:20]}
Nd7 {[%clk 01:06:49]} {[%emt 00:05:27]} 16. f4 {[%clk 00:55:45]} {[%emt
00:03:10]} Bg7 {[%clk 01:06:22]} {[%emt 00:00:57]} 17. Rad1 {[%clk 00:43:08]}
{[%emt 00:13:02]} Qe7 {[%clk 01:03:44]} {[%emt 00:03:12]} 18. Rf2 {[%clk
00:37:56]} {[%emt 00:05:37]} c5 {[%clk 00:52:07]} {[%emt 00:12:12]} 19. Rdf1
{[%clk 00:28:44]} {[%emt 00:09:41]} c4 {[%clk 00:48:00]} {[%emt 00:04:40]} 20.
Be2 {[%clk 00:28:17]} {[%emt 00:00:56]} Nc5 {[%clk 00:38:31]} {[%emt 00:09:59]}
21. e5 {[%clk 00:24:03]} {[%emt 00:04:41]} f6 {[%clk 00:35:57]} {[%emt
00:03:06]} 22. Bxc5 {[%clk 00:13:09]} {[%emt 00:11:24]} Qxc5 {[%clk 00:35:52]}
{[%emt 00:00:36]} 23. Ne4 {[%clk 00:11:34]} {[%emt 00:02:04]} Bxe4 {[%clk
00:33:21]} {[%emt 00:03:01]} 24. Qxe4 {[%clk 00:12:02]} {[%emt 00:00:02]} fxe5
{[%clk 00:32:24]} {[%emt 00:01:27]} 25. Kh1 {[%clk 00:09:06]} {[%emt 00:03:26]}
exf4 {[%clk 00:27:29]} {[%emt 00:05:26]} 26. Bf3 {[%clk 00:06:04]} {[%emt
00:03:29]} Rad8 {[%clk 00:22:55]} {[%emt 00:05:06]} 27. Qe6+ {[%clk 00:05:27]}
{[%emt 00:01:08]} Kh8 {[%clk 00:21:45]} {[%emt 00:01:39]} 28. Qxa6 {[%clk
00:05:13]} {[%emt 00:00:45]} Rd6 {[%clk 00:19:04]} {[%emt 00:03:11]} 29. Qa5
{[%clk 00:04:38]} {[%emt 00:01:04]} Rfd8 {[%clk 00:18:53]} {[%emt 00:00:41]}
30. h3 {[%clk 00:01:03]} {[%emt 00:04:04]} c3 {[%clk 00:15:50]} {[%emt
00:03:34]} 31. Rc2 {[%clk 00:00:40]} {[%emt 00:00:54]} Qf5 {[%clk 00:15:37]}
{[%emt 00:00:43]} 32. Re2 {[%clk 00:00:33]} {[%emt 00:00:36]} cxb2 {[%clk
00:14:53]} {[%emt 00:01:14]} 33. Ree1 {[%clk 00:00:49]} {[%emt 00:00:14]} Qc5
{[%clk 00:14:29]} {[%emt 00:00:54]} 34. Rb1 {[%clk 00:00:36]} {[%emt 00:00:44]}
Bc3 {[%clk 00:14:19]} {[%emt 00:00:40]} 35. Qa8 {[%clk 00:00:32]} {[%emt
00:00:33]} 0-1